<?xml version="1.0" encoding="UTF-8"?>
<record
    xmlns:xsi="http://www.w3.org/2001/XMLSchema-instance"
    xsi:schemaLocation="http://www.loc.gov/MARC21/slim http://www.loc.gov/standards/marcxml/schema/MARC21slim.xsd"
    xmlns="http://www.loc.gov/MARC21/slim">

  <leader>00704nam a2200145Ia 4500</leader>
  <controlfield tag="008">180921t1975    xxu||||| ||||o00| 0 sin d</controlfield>
  <datafield tag="041" ind1=" " ind2=" ">
    <subfield code="a">sin</subfield>
  </datafield>
  <datafield tag="245" ind1=" " ind2=" ">
    <subfield code="a">&#xDA2;&#xDCF;&#xDAD;&#xDD2;&#xD9A; &#xDBB;&#xDCF;&#xDA2;&#xDCA;&#x200D;&#xDBA; &#xDC3;&#xDB7;&#xDCF;&#xDC0;&#xDDA; 1975 &#xD85;&#xD82;&#xD9A; 20 &#xDAF;&#xDBB;&#xDAB; &#xD9A;&#xDDC;&#xDC5;&#xDB9; &#xDB4;&#xDC4;&#xDBA;&#xDB1; &#xDB1;&#xDD0;&#xDC0;&#xDCA; &#xDAD;&#xDA7;&#xDCF;&#xD9A;&#xDBA; &#xDC4;&#xDCF; &#xDB4;&#xDDA;&#xDA7;&#xDB1;&#xDCA;&#xDA7;&#xDCA; &#xDBD;&#xDD2;&#xDC3;&#xDCA;&#xDC3;&#xDD4;&#xDB8;&#xDCA; &#xDB8;&#xD9F; &#xDB4;&#xDD2;&#xDC5;&#xDD2;&#xDB6;&#xDB3; ( &#xD86;&#xDA5;&#xDB4;&#xDB1;&#xDAD; &#xD89;&#xDC0;&#xDAD;&#xDCA; &#xD9A;&#xDD2;&#xD91;&#xDD3;&#xDB8;&#xDDA; ) &#xDB4;&#xDB1;&#xDAD;</subfield>
  </datafield>
  <datafield tag="246" ind1=" " ind2=" ">
    <subfield code="a">Jathika Rajjya Sabawe 1975 Anka 20 Darana Kolaba Pahyana Naw Thatakaya ha Petant Lissum Maga Pilibada ( Angnapanatha Iwath Kirime ) Panatha</subfield>
  </datafield>
  <datafield tag="260" ind1=" " ind2=" ">
    <subfield code="c">1975</subfield>
  </datafield>
  <datafield tag="300" ind1=" " ind2=" ">
    <subfield code="a">28 cm</subfield>
  </datafield>
  <datafield tag="942" ind1=" " ind2=" ">
    <subfield code="c">BK</subfield>
  </datafield>
  <datafield tag="952" ind1=" " ind2=" ">
    <subfield code="0">0</subfield>
    <subfield code="1">0</subfield>
    <subfield code="4">0</subfield>
    <subfield code="7">0</subfield>
    <subfield code="8">GOV</subfield>
    <subfield code="a">MAIN</subfield>
    <subfield code="b">MAIN</subfield>
    <subfield code="d">2014-02-24</subfield>
    <subfield code="p">118541-38</subfield>
    <subfield code="r">2023-06-15</subfield>
    <subfield code="w">2023-06-15</subfield>
    <subfield code="y">BK</subfield>
  </datafield>
  <datafield tag="999" ind1=" " ind2=" ">
    <subfield code="c">64334</subfield>
    <subfield code="d">64334</subfield>
  </datafield>
  <controlfield tag="003">LK-CoDNM</controlfield>
  <datafield tag="040" ind1=" " ind2=" ">
    <subfield code="a">LK-CoDNM</subfield>
    <subfield code="d">LK-CoDNM</subfield>
    <subfield code="e">LK-CoDNM</subfield>
  </datafield>
</record>
